000 00808nam a2200229Ia 4500
001 1530
003 GE_BSU
008 181216s||||||||xx |||||||||||||| ||und||
040 _cGE_BSU
080 _a159.922.7
100 _aМанова-Томова,В.С.
245 _aПсихологическая реабилитация при нарушениях поведения в детском возрасте
260 _aСофия
260 _bМедицина и физкультура
260 _c1981
300 _a192стр.
541 _h7л.
653 _aПсихологическая реабилитация при нарушениях поведения в детском возрасте
653 _aПсихология
653 _aფსიქოლოგია
942 _cBK
999 _c35657
_d35657